00523nam a2200181Ii 450000100060000000300090000600800410001504000330005604100080008908400130009711000470011024500290015726400620018630000120024833600260026033700280028633800270031423048CO-ViMGA241108s9999||||xx |||||||||||||| ||und|| aCO-ViMGAbspaerdacCO-ViMGA0 aspa aLM SIK1r1 aComunidad Sikuani de Awariba y Domoplanas.10aSikuani pe-liwaisianü  1aBogotá, Colombia : Instituto Nacional para Ciegos, 2019 avolumen atextbtxt2rdacontent aunmediatedbn2rdamedia avolumebnc2rdacarrier